Unamuno "agitador de espíritus" y Giner (Record no. 176336)
[ view plain ]
| 000 -LEADER | |
|---|---|
| campo de control de longitud fija | 01098nam a2200277 i 4500 |
| 001 - NÚMERO DE CONTROL | |
| campo de control | 176336 |
| 003 - IDENTIFICADOR DE NÚMERO DE CONTROL | |
| campo de control | ES-MaACL |
| 005 - FECHA Y HORA DE LA ÚLTIMA TRANSACCIÓN | |
| campo de control | 20231221194739.0 |
| 008 - DATOS DE LONGITUD FIJA--INFORMACIÓN GENERAL | |
| campo de control de longitud fija | 110110s1977 sp 001 0dspa d |
| 020 ## - NÚMERO INTERNACIONAL ESTÁNDAR DEL LIBRO | |
| Número Internacional Estándar del Libro | 84-277-0287-6 |
| 080 ## - NÚMERO DE LA CLASIFICACIÓN DECIMAL UNIVERSAL | |
| Número de la Clasificación Decimal Universal | 929 Unamuno, Miguel de |
| 080 ## - NÚMERO DE LA CLASIFICACIÓN DECIMAL UNIVERSAL | |
| Número de la Clasificación Decimal Universal | 929 Giner de los Ríos, Francisco |
| 100 1# - ENTRADA PRINCIPAL--NOMBRE DE PERSONA | |
| Nombre de persona | Gómez Molleda, María Dolores, |
| Fechas asociadas al nombre | 1922-2017 |
| 9 (RLIN) | 58053 |
| 245 10 - MENCIÓN DEL TÍTULO | |
| Título | Unamuno "agitador de espíritus" y Giner |
| Resto del título | : (correspondencia inédita) / |
| Mención de responsabilidad, etc. | D. Gómez Molleda. |
| 260 ## - PUBLICACIÓN, DISTRIBUCIÓN, ETC. | |
| Lugar de publicación, distribución, etc. | Madrid : |
| Nombre del editor, distribuidor, etc. | Narcea, |
| Fecha de publicación, distribución, etc. | [1977] |
| 300 ## - DESCRIPCIÓN FÍSICA | |
| Extensión | 142 p. ; |
| Dimensiones | 18 cm. |
| 490 1# - MENCIÓN DE SERIE | |
| Mención de serie | Bitácora. Biblioteca del estudiante ; |
| Designación de volumen o secuencia | 52 |
| 504 ## - NOTA DE BIBLIOGRAFÍA, ETC. | |
| Nota de bibliografía, etc. | Referencias bibliográficas. |
| 600 17 - PUNTO DE ACCESO ADICIONAL DE MATERIA--NOMBRE DE PERSONA | |
| Nombre de persona | Unamuno, Miguel de, |
| Fechas asociadas al nombre | 1864-1936- |
| Subdivisión de forma | Correspondencia |
| Fuente del encabezamiento o término | |
| 9 (RLIN) | 168906 |
| 600 17 - PUNTO DE ACCESO ADICIONAL DE MATERIA--NOMBRE DE PERSONA | |
| Nombre de persona | Giner de los Ríos, Francisco, |
| Fechas asociadas al nombre | 1839-1915- |
| Subdivisión de forma | Correspondencia |
| Fuente del encabezamiento o término | |
| 9 (RLIN) | 147287 |
| 700 1# - ENTRADA AGREGADA--NOMBRE PERSONAL | |
| Nombre de persona | Unamuno, Miguel de, |
| Fechas asociadas al nombre | 1864-1936 |
| 9 (RLIN) | 111982 |
| 700 1# - ENTRADA AGREGADA--NOMBRE PERSONAL | |
| Nombre de persona | Giner de los Ríos, Francisco, |
| Fechas asociadas al nombre | 1839-1915 |
| 9 (RLIN) | 57122 |
| 830 1# - PUNTO DE ACCESO ADICIONAL DE SERIE-TÍTULO UNIFORME | |
| Título uniforme | Bitácora. Biblioteca del estudiante ; |
| Designación de volumen o secuencia | 52 |
| 9 (RLIN) | 181903 |
| 852 ## - LOCALIZACIÓN | |
| Ubicación | ES-MaACL |
| Número de control de estantería | E-13982 |
| Encuadernación | Olim P-1892 |
| Estatus retirado | Estado de pérdida | Estado de daño | No para préstamo | Biblioteca de origen | Biblioteca actual | Ubicación en estantería | Fecha de adquisición | Fuente de adquisición | Total de préstamos | Signatura topográfica completa | Código de barras | Visto por última vez | Precio de reemplazo | Tipo de ítem Koha |
|---|---|---|---|---|---|---|---|---|---|---|---|---|---|---|
| Biblioteca del Ateneo de Madrid | Biblioteca del Ateneo de Madrid | Depósito 2 | 10/01/2011 | E-13982 | 1185193 | 23/02/2023 | 23/02/2023 | Libro impreso |
